00519 2200193 4500001002100000005001500021008004100036020002200077035001900099041000700118082000800125090001400133100001300147700001300160245007500173260002900248300003300277650001500310INLIS00000000000193320241224112437241224||||||||| | ||| |||| || |  a978-979-3077-19-2 0010-1224001933 aid0 a510 a510 WAH p0 aWahyudin0 aSudrajat00aPeningkatan dan Pengayaan Matematika: Topik-Topik Pengayaan Matematika aJakartabIpa Abongc2008 avi, 98 hlm. : ilus, ; 27 cm. 0aIlmu Murni